000 00431nam a2200205Ia 4500
001 000694
003 YMCAF
005 20230512160030.0
008 100717s1971 ||||||||||||||||| ||und|d
024 _a694
035 _a677
040 _aYMCAF
_beng
_cIN-KoLT
041 _aeng
082 _aBAS-PON
100 _aPONSINI ANTHONY
245 0 _aBASIC ELECTRICAL POWER DIST
260 _c1971
300 _a121
942 _2ddc
_cBK
999 _c563
_d563